পার্মানেন্ট রেকর্ড / (Record no. 14479)
[ view plain ]
| 000 -LEADER | |
|---|---|
| fixed length control field | 01109nam a22002657a 4500 |
| 001 - CONTROL NUMBER | |
| JCCL Control Number | 14479 |
| 003 - CONTROL NUMBER IDENTIFIER | |
| JCCL marc code | BD-JhCC |
| 005 - DATE AND TIME OF LATEST TRANSACTION | |
| control field | 20251208120153.0 |
| 008 - FIXED-LENGTH DATA ELEMENTS--GENERAL INFORMATION | |
| fixed length control field | 251208b |||||||| |||| 00| 0 eng d |
| 020 ## - INTERNATIONAL STANDARD BOOK NUMBER | |
| International Standard Book Number | 9789849439301 |
| 035 ## - SYSTEM CONTROL NUMBER | |
| system control number | (BD-JhCC) 14479 |
| 040 ## - CATALOGING SOURCE | |
| Original cataloging agency | BD-JhCC |
| Modifying agency | BD-JhCC |
| 041 ## - LANGUAGE CODE | |
| Language code of Book | eng |
| 082 ## - DEWEY DECIMAL CLASSIFICATION NUMBER | |
| DDC Edition number | 23 |
| Classification number | 327.12730092 |
| Author mark and Year | SLO 2022 |
| 100 ## - MAIN ENTRY--PERSONAL NAME | |
| Personal name | স্লোডেন, এডওয়ার্ড |
| 245 ## - TITLE STATEMENT | |
| Title | পার্মানেন্ট রেকর্ড / |
| Statement of responsibility, etc | এডওয়ার্ড স্লোডেন, রুপান্তরঃ মাহজাবিন খান |
| 246 ## - VARYING FORM OF TITLE | |
| Title proper/short title | Permanent Record |
| 260 ## - PUBLICATION, DISTRIBUTION, ETC. (IMPRINT) | |
| Place of publication, distribution, etc | ঢাকাঃ |
| Name of publisher, distributor, etc | প্রজন্ম পাবলিকেশন্স, |
| Date of publication, distribution, etc | ২০২২ |
| 300 ## - PHYSICAL DESCRIPTION | |
| Pagination | ২২৪ পৃ.; |
| Dimensions | ২২ সেমি. |
| Accompanying material | পেপার বাইণ্ডিং |
| 650 ## - SUBJECT ADDED ENTRY--TOPICAL TERM | |
| Topical term or geographic name as entry element | আত্মজীবনী |
| 650 ## - SUBJECT ADDED ENTRY--TOPICAL TERM | |
| Topical term or geographic name as entry element | গোপনচর সংস্থা (NSA/CIA), |
| 650 ## - SUBJECT ADDED ENTRY--TOPICAL TERM | |
| Topical term or geographic name as entry element | গোয়েন্দা কার্যক্রম |
| 700 ## - ADDED ENTRY--PERSONAL NAME | |
| Personal name | খান, মাহজাবিন |
| Fuller form of name | [ রুপান্তর ] |
| 942 ## - ADDED ENTRY ELEMENTS (KOHA) | |
| Source of classification or shelving scheme | Dewey Decimal Classification |
| Koha item type | Books |
| Source of classification or shelving scheme | Damaged status | Not for loan | Collection code | Home library | Current library | Shelving location | Date of accession | Total Checkouts | Full call number | Barcode | Date last seen | Copy number | Method of acquisition | Koha item type | Currency |
|---|---|---|---|---|---|---|---|---|---|---|---|---|---|---|---|
| Dewey Decimal Classification | Non-fiction | JCC Rouf Library | JCC Rouf Library | General Stacks | 327.12730092 SLO 2022 | 20336 | 12/08/2025 | C-1 | Purchase | Books | BDT |